Finsko v Evropské unii: Konstruktivní člen, který jde s proudem

Vstup Fínska do Európskej únie a rozšírenie hraníc únie až po Rusko. Referendum o vstupe Fínska do EÚ v roku 1995. Vládna línia Fínska a udržanie si štatútu vojensky nezúčastneného štátu. Zmeny v v zahraničnej politike. Ekonomické otázky a pohyb pracovných síl. Uplatnenie teórie národnej histórie- í...

ver descrição completa

Na minha lista:
Detalhes bibliográficos
Autor principal: Pošvářová, Jaroslava
Formato: Capítulo de Livro
Idioma:tcheco
Assuntos:
Tags: Adicionar Tag
Sem tags, seja o primeiro a adicionar uma tag!

MARC

LEADER 00000naa$a2200000$$$4500
001 0027555
005 20231016092046.5
041 0 |a cze 
044 |a CZ 
245 1 0 |a Finsko v Evropské unii: Konstruktivní člen, který jde s proudem  |c Jaroslava Pošvářová 
520 |a Vstup Fínska do Európskej únie a rozšírenie hraníc únie až po Rusko. Referendum o vstupe Fínska do EÚ v roku 1995. Vládna línia Fínska a udržanie si štatútu vojensky nezúčastneného štátu. Zmeny v v zahraničnej politike. Ekonomické otázky a pohyb pracovných síl. Uplatnenie teórie národnej histórie- ísť s prúdom. 
610 2 0 |a spolupráca medzinárodná 
610 2 0 |a politika zahraničná 
610 2 0 |a politika menová 
610 2 0 |a euro 
610 2 0 |a referendum 
610 2 0 |a bezpečnosť 
610 2 0 |a rozvoj hospodársky 
610 2 0 |a pohyb síl pracovných 
610 2 0 |a poľnohospodárstvo 
610 2 0 |a Európska únia 
610 2 0 |a Fínsko 
100 1 |a Pošvářová, Jaroslava